La reproducción del campo académico de la comunicación : un análisis de las tesis de Maestría en Comunicación : 1996-2000 /
Gorde:
| Egile nagusia: | |
|---|---|
| Formatua: | Tesis Liburua |
| Hizkuntza: | gaztelania |
| Gaiak: | |
| Etiketak: |
Etiketarik gabe, Izan zaitez lehena erregistro honi etiketa jartzen!
|
MARC
| LEADER | 00000nam^a2200000^a^4500 | ||
|---|---|---|---|
| 001 | 000150154 | ||
| 005 | 20250521000000.0 | ||
| 009 | 20260310100125.797 | ||
| 037 | |a Acervo ITESO - Biblioteca | ||
| 041 | |a ESP | ||
| 090 | |a MCD. 8 | ||
| 100 | |a Torre Escoto, Gabriela de la |e (autor) | ||
| 245 | 1 | 3 | |a La reproducción del campo académico de la comunicación : |b un análisis de las tesis de Maestría en Comunicación : 1996-2000 / |c G. de la Torre Escoto. |
| 264 | |a Guadalajara, México : |b edición de autor, |c 2003 | ||
| 300 | |a 1 disco compacto de computadora | ||
| 336 | |a datos para computadora |b cod |2 rdacontenido | ||
| 337 | |a computadora |b c |2 rdamedio | ||
| 338 | |a disco de computadora |b cd |2 rdasoporte | ||
| 502 | |a ITESO Tesis de Maestría en Comunicación, Especialidad en Difusión de la Ciencia y la Cultura | ||
| 610 | |a UNAM | ||
| 649 | |a XX | ||
| 650 | |a Prácticas Académicas de la Comunicación - |z México - |x Tema Principal | ||
| 650 | |a Comunicación - |z México - |x Prácticas Profesionales | ||
| 650 | |a Comunicación - |z México - |x Estudio y Enseñanza | ||
| 650 | |a Comunicación - |z México - |x Investigación | ||
| 650 | |a Investigación - |z México | ||
| 650 | |a Instituto Tecnológico y de Estudios Superiores de Monterrey - |z México (Ciudad) | ||
| 650 | |a Universidad Iberoamericana - |z México (Ciudad) | ||
| 650 | |a Currículo | ||
| 650 | |a Estudios de Posgrado | ||
| 650 | |a Universidades Católicas - |z México (Ciudad) | ||
| 650 | |a Universidades Católicas - |z México | ||
| 650 | |a Universidades Privadas - |z México (Ciudad) | ||
| 650 | |a Universidades Privadas - |z México | ||
| 650 | |a Universidades Públicas - |z México (Ciudad) | ||
| 650 | |a Universidades Públicas - |z México | ||
| 650 | |a Instituciones Educativas - |z México (Ciudad) | ||
| 650 | |a Instituciones Educativas - |z México | ||
| 650 | |a Educación Privada - |z México (Ciudad) | ||
| 650 | |a Educación Privada - |z México | ||
| 650 | |a Educación Pública - |z México (Ciudad) | ||
| 650 | |a Educación Pública - |z México | ||
| 650 | |a Educación Superior - |z México (Ciudad) | ||
| 650 | |a Educación Superior - |z México | ||
| 650 | |a Mercado de Trabajo | ||
| 650 | |a Educación y Trabajo | ||
| 650 | |a Educación y Sociedad | ||
| 650 | |a Sociología de la Educación | ||
| 650 | |a Sociología de la Comunicación | ||
| 910 | |a Fondo General | ||
| 920 | |a Electrónicos - Tesis del ITESO en Disco | ||
| 905 | |a 202 | ||
| 901 | |a 0500284673 |b IT2 |c STS |u 20250521 | ||
| 902 | |a https://opac.biblio.iteso.mx/vufind/Record/000150154 | ||